Essentials of understanding psychology / (Record no. 12188)

MARC details
000 -LEADER
fixed length control field 00642cam a22002052 4500
001 - CONTROL NUMBER
control field 0000023311
005 - DATE AND TIME OF LATEST TRANSACTION
control field 20151217155233.0
008 - FIXED-LENGTH DATA ELEMENTS--GENERAL INFORMATION
fixed length control field 121109s xx 000 0 eng d
020 ## - INTERNATIONAL STANDARD BOOK NUMBER
International Standard Book Number 0071221481 :
040 ## - CATALOGING SOURCE
Original cataloging agency KABU
Transcribing agency KABU
100 1# - MAIN ENTRY--PERSONAL NAME
Personal name Feldman, Robert S.
Fuller form of name (Robert Stephen),
Dates associated with a name 1947-.
-- 0000083710
245 10 - TITLE STATEMENT
Title Essentials of understanding psychology /
Statement of responsibility, etc. Robert S. Feldman.
250 ## - EDITION STATEMENT
Edition statement 9th ed.
260 ## - PUBLICATION, DISTRIBUTION, ETC. (IMPRINT)
Place of publication, distribution, etc. New York :
Name of publisher, distributor, etc. McGraw-Hill,
Date of publication, distribution, etc. 2011.
300 ## - PHYSICAL DESCRIPTION
Extent 1 v. (various pagings)
650 #0 - SUBJECT ADDED ENTRY--TOPICAL TERM
Topical term or geographic name as entry element Psychology
Form subdivision Textbooks.
-- 0000148056
852 1# - LOCATION
-- p3604 KES
908 ## - PUT COMMAND PARAMETER (RLIN)
Put command parameter 121109
950 ## - LOCAL HOLDINGS (RLIN)
-- 1
Holdings
Withdrawn status Lost status Source of classification or shelving scheme Not for loan Home library Current library Date acquired Total Checkouts Full call number Barcode Date last seen Date last checked out Price effective from Koha item type
    Library of Congress Classification   Kabarak, Main Campus Kabarak, Main Campus 17/12/2015 2 BF121 .F45 2011 c. 1 013816 02/08/2024 17/01/2020 17/12/2015 General Collection
Designed with assistance from East African Informatics Ltd